=LDR 00000nam 2200000 4500 =001 INLIS000000000018289 =005 20130612113452 =008 ***********************************Ind** =035 ##$$0010-061300000018289 =041 ##$$a Ind =082 ##$$a 641.44 =090 ##$$a 641.44, Wid p =100 ##$$a Widayanti, Noviana =245 ##$$a Pengering hasil panen tenaga sekam, Noviana Widayanti =260 ##$$a 1998 $b Jakarta =300 ##$$a vi, 28 hlm, ilus, 21 cm =650 ##$$a Pengering hasil panen =850 ##$$a NBPNMAT